000 00347nam a2200133Ia 4500
008 240624s9999 xx 000 0 und d
041 _aeng
082 _a100 SOU
100 _aSOUSA RONALD DE
245 _aLOVE A VERY SHORT INTRODUCTION
260 _c2015
_aNew Delhi
_bOxford University Press
300 _a130 : p. : cm. ; 17
365 _cRS
_b31
999 _c27060
_d27060